Top 10 des pays qui ont le plus d'alliances économiques et militaires - Statistiques

Statistiques générales
  • Ce quiz a été pris 51 fois
  • Le résultat moyen est 7 sur 10
Statistiques - réponses
Alliances principales avec la France Pays % Correct
Partenaire économique n°1, SCAF, char MGCS, Traité d’Aix-la-Chapelle Allemagne
98%
Membre OTAN, accords CETA, lien francophone, cybersécurité Canada
89%
Partenaire UE, projet SCAF, liens énergétiques et industriels Espagne
87%
Coopération militaire (FREMM), Traité du Quirinal, échanges industriels Italie
81%
Partenaire frontalier, projets militaires communs, intégration logistique Belgique
79%
Défense (Lancaster House), nucléaire, missions conjointes, fort commerce Royaume-Uni
72%
Membre de l’OTAN, opérations militaires conjointes, commerce & tech États-Unis
68%
Ventes d’armes, partenariats énergétiques et sécuritaires Arabie saoudite
36%
Coopération militaire historique, base française, partenariat francophone Sénégal
32%
Base militaire, contrats d’armement, coopération stratégique Émirats arabes unis
11%
Aucun quiz correspondant
Distribution des résultats
% des personnes avec chaque résultat
Percentile par nombre de réponses
Votre historique - résultats
Vous n’avez pas pris ce quiz